Odgadywanie piłkarzy po kraju i klubie #1 - Statystyki

Ogólne statystyki
  • Ten quiz został rozwiązany 2 375 razy
  • Średni wynik to 11 z 35
Statystyki odpowiedzi
Hint Odpowiedź % Poprawnych
Belgia, Man. City De Bruyne
85%
Niemcy, Real Madryt Kroos
55%
Austria, Bayern Alaba
53%
Norwegia, Dortmund Haaland
47%
Korea Poł., Spurs Son
46%
Belgia, Inter Lukaku
44%
Niemcy, Barcelona Ter Stegen
44%
Polska, Southampton Bednarek
42%
Kanada, Bayern Davies
41%
Polska, Hertha Piątek
37%
Szwecja, Milan Ibrahimovic
36%
Słowenia, Atletico Oblak
36%
Urugwaj, Man. United Cavani
35%
Chorwacja, Chelsea Kovacic
35%
Dania, Inter Eriksen
34%
Szwajcaria, Arsenal Xhaka
34%
Szwajcaria, Liverpool Shaqiri
33%
Bośnia, Barcelona Pjanic
31%
Holandia, Lyon Depay
30%
Holandia, Juventus De Ligt
28%
Hiszpania, Vissel Kobe Iniesta
28%
Rosja, AS Monaco Golovin
26%
Dominikana, Real Madryt Mariano
26%
Kamerun, Ajax Onana
26%
Portugalia, Dortmund Guerreiro
25%
Serbia, Man. United Matic
24%
Ukraina, West Ham Yarmolenko
23%
Niemcy, Arsenal Leno
22%
Anglia, Roma Smalling
21%
Słowenia, Atalanta Ilicic
19%
Portugalia, Orlando City Nani
19%
Urugwaj, Galatasaray Muslera
18%
Kolumbia, Galatasaray Falcao
17%
Polska, FC Kopenhaga Wilczek
16%
Kolumbia, Napoli Ospina
15%
Nie znaleziono quizów pasujących do podanych kryteriów
Rozkład punktacji
Procent ludzi z każdym wynikiem
Percentyl według liczby udzielonych odpowiedzi
Twoja historia wyników
Nie rozwiązałeś tego quizu